| 000 | 01519nam a2200457 i 4500 | ||
|---|---|---|---|
| 001 | 6688 | ||
| 003 | KOSZ 005 | ||
| 005 | 20230213151117.0 | ||
| 008 | 960606s1994 pl f f |000 0 pol d | ||
| 015 | _aPB 8480/94 | ||
| 020 | _a8320417295 | ||
| 020 | _a8320417260 | ||
| 040 |
_cKOSZ 005 _aKOSZ 005 _dKOSZ 005/HR |
||
| 046 | _k1989 | ||
| 080 | _a531.3 | ||
| 080 | _a(075.8+076) | ||
| 100 | 1 |
_aMisiak, Jan _d(1942- ) _eAutor |
|
| 245 | 0 | 0 |
_aZadania z mechaniki ogólnej. _nCz. 3, _pDynamika / _cJan Misiak. |
| 246 | 3 | 0 | _aDynamika |
| 250 | _aWyd. 4 popr. | ||
| 260 |
_aWarszawa : _bWydawnictwa Naukowo-Techniczne, _c1994. |
||
| 300 |
_a239, [1] s. : _brysunki, wykresy ; _c24 cm. |
||
| 336 |
_2rdacontent _aTekst _btxt |
||
| 337 |
_2rdamedia _aBez urządzenia pośredniczącego _bn |
||
| 338 |
_2rdacarrier _aWolumin _bnc |
||
| 380 | _aKsiążki | ||
| 380 | _aPublikacje dydaktyczne | ||
| 385 |
_mPoziom nauczania _aSzkoły wyższe |
||
| 388 | _a1901-2000 | ||
| 388 | _a1989-2000 | ||
| 490 | 1 | _aPodręczniki Akademickie. Mechanika | |
| 504 | _aBibliografia na stronach 239-[240]. | ||
| 650 | 4 | _aDynamika | |
| 650 | 4 | _aMechanika | |
| 655 | 4 | _aĆwiczenia i zadania dla szkół wyższych | |
| 658 | _aFizyka i astronomia | ||
| 710 |
_aWydawnictwa Naukowo-Techniczne _4pbl |
||
| 830 | 0 |
_aPodręczniki Akademickie. _pMechanika |
|
| 856 |
_uhttp://koha.tu.koszalin.pl/cgi-bin/koha/opac-detail.pl?biblionumber=6688 _yKatalog online BPK |
||
| 942 |
_cKS _2UKD |
||
| 999 |
_c6688 _d6688 |
||